| 000 | 00744nam a2200241 i 4500 | ||
|---|---|---|---|
| 001 | C2-0292419 | ||
| 003 | PPAK | ||
| 005 | 20180728024439.0 | ||
| 008 | 090106s2008 ilua|||| ||||| | eng d | ||
| 020 | _a9780252075520 | ||
| 040 |
_aPPAK _beng _cPPAK _erda |
||
| 082 | 0 | 4 |
_a973.007 _223 |
| 090 | 0 | 0 |
_a973.007 _bAME _dLCK |
| 245 | 0 | 0 |
_aAmerica on the world stage : _ba global approach to U.S. history |
| 264 | 1 |
_aUrbana, Illinois : _bThe University of Illinois Press , _c2008 |
|
| 300 |
_axxv, 322 pages : _billustrations ; _c23 cm |
||
| 336 |
_2rdacontent _atext |
||
| 337 |
_2rdamedia _aunmediated |
||
| 338 |
_2rdacarrier _avolume |
||
| 650 | 1 | 0 | _aUnited States - Historiography. |
| 700 | 1 |
_aReichard, Gary W., _eeditor |
|
| 942 |
_ddc _cB |
||
| 999 |
_c97297 _d97297 |
||